Buying a Home (Record no. 121551)

MARC details
000 -LEADER
fixed length control field 00983nam a22002297a 4500
008 - FIXED-LENGTH DATA ELEMENTS--GENERAL INFORMATION
fixed length control field 230623s2022 xxk|||||o|||| 00| 0 eng d
041 ## - LANGUAGE CODE
Language code of text/sound track or separate title eng
110 ## - MAIN ENTRY--CORPORATE NAME
Corporate author Royal Institution of Chartered Surveyors
245 ## - TITLE STATEMENT
Title Buying a Home
Subtitle : a clear impartial guide
Medium [Electronic resource]
260 ## - PUBLICATION INFORMATION
Place of publication London,
Publisher Royal Institution of Chartered Surveyors,
Date January 2022
300 ## - PHYSICAL DESCRIPTION
Physical description 21p.
490 ## - SERIES TITLE
Series statement RICS Consumer guide
520 ## - ABSTRACT
Abstract Help on choosing a property, financing, moving costs checklist, specialist advice available from RICS members. This is for England, Wales and Northern Ireland, see the separate guide for buying a home in Scotland
650 ## - KEYWORDS
Keywords RESIDENTIAL PROPERTY
651 ## - SUBJECT ADDED ENTRY--GEOGRAPHIC NAME
Geographic name ENGLAND
651 ## - SUBJECT ADDED ENTRY--GEOGRAPHIC NAME
Geographic name NORTHERN IRELAND
651 ## - SUBJECT ADDED ENTRY--GEOGRAPHIC NAME
Geographic name WALES
690 ## - BROAD SUBJECT
9 (RLIN) 6266
Broad subject Residential property
710 ## - ADDED CORPORATE NAME
Added corporate author Royal Institution of Chartered Surveyors
856 ## - ONLINE RESOURCE
Uniform Resource Identifier <a href="https://www.ricsfirms.com/media/1182/buying-a-home_rics-consumer-guide-2022.pdf">https://www.ricsfirms.com/media/1182/buying-a-home_rics-consumer-guide-2022.pdf</a>
Public note Available online
942 ## - ADDED ENTRY ELEMENTS (KOHA)
Suppress in OPAC Do not suppress in OPAC
Holdings
Lost status Damaged status Not for loan Current library Shelving location Date acquired Total Checkouts Full call number Date last seen Price effective from Koha item type
      Virtual Online 23/06/2023   ONLINE PUBLICATION 23/06/2023 23/06/2023 Online material